Tom Clancy's Rainbow Six Siège | Agents - Statistiques

Statistiques générales
  • Ce quiz a été pris 186 fois
    176 depuis la dernière actualisation
  • Le résultat moyen est 53 sur 79
Statistiques - réponses
Pays d'origine Listes des agents % Correct
France Rook
91%
Brésil Caveira
89%
France Doc
89%
France Montagne
89%
Israël Ash
88%
Allemagne Blitz
88%
Royaume-Uni Mute
88%
Allemagne Jäger
86%
France Twitch
86%
Allemagne Bandit
85%
Canada Buck
85%
Russie Glaz
85%
Royaume-Uni Sledge
85%
États-Unis Thermite
85%
Brésil Capitão
83%
Espagne Mira
83%
États-Unis Pulse
83%
Royaume-Uni Smoke
83%
États-Unis Castle
82%
Canada Frost
82%
Ouzbékistan Fuze
82%
Russie Kapkan
82%
France Lion
82%
Allemagne IQ
79%
Confidentiel Vigil
79%
Japon Echo
77%
Japon Hibana
77%
Chine Lesion
77%
Russie Tachanka
76%
Corée du Sud Dokkaebi
74%
Espagne Jackal
74%
Maroc Kaid
74%
Royaume-Uni Thatcher
73%
Chine Ying
73%
États-Unis Blackbeard
71%
Australie Mozzie
71%
Maroc Nomad
71%
États-Unis Valkyrie
71%
Australie Gridlock
70%
Libye Alibi
68%
Bielorussie Finka
68%
Italie Maestro
68%
Norvège Ace
67%
Afrique du Sud Melusi
65%
Pologne Zofia
65%
Royaume-Uni Clash
64%
Pologne Ela
64%
Mexique Goyo
64%
États-Unis Maverick
62%
Japon Azami
61%
États-Unis Deimos
59%
Inde Kali
59%
Confidentiel Nøkk
59%
Sans origines Recrue
58%
Sans origines Recrue
58%
Kenya Wamai
58%
Jordanie Oryx
56%
Portugal Tubarão
56%
Confidentiel Solid Snake
55%
États-Unis Warden
55%
Croatie Osa
53%
Pérou Amaru
52%
Thaïlande Aruni
52%
Belgique Sens
52%
Irlande Thorn
50%
Pays-Bas Iana
48%
Non défini Sentry
48%
Suisse Denari
47%
Argentine Flores
47%
Corée du Sud Ram
47%
Chypre Skopós
47%
Singapour Grim
45%
Non défini Striker
45%
États-Unis Zero
45%
Colombie Solis
44%
Brésil Brava
42%
Suède Fenrir
42%
Canada Thunderbird
42%
Nouvelle-Zélande Rauora
35%
Aucun quiz correspondant
Distribution des résultats
% des personnes avec chaque résultat
Percentile par nombre de réponses
Votre historique - résultats
Vous n’avez pas pris ce quiz depuis la dernière actualisation